000 00537nam a22001937a 4500
999 _c177118
_d177118
005 20210209112051.0
010 _aB-736856
020 _a9780099514220
_c200.00
035 _aB-736856
037 _bGift/Eng/03-02-2021
082 _aN
100 _aWodehouse, P.G.
245 _aBig Money /
_cP.G. Wodehouse
260 _aLondon
_bArrow Books
_c2008
270 _a20, Vauxhall Bridge Road
_bLondon
300 _avp.
_c19cm(pbk)
942 _2ddc
_cEN
_mWOD
_hN